Film français : Le Tatoué - Statistiques

Statistiques générales
  • Ce quiz a été pris 25 fois
  • Le résultat moyen est 13 sur 20
Statistiques - réponses
Questions Réponses % Correct
Acteurs principaux, incarnant les rôles de Félicien Mézeray, marchand d'art, et du comte Enguerrand de Montignac, dit « Legrain ». Jean Gabin
100%
Acteurs principaux, incarnant les rôles de Félicien Mézeray, marchand d'art, et du comte Enguerrand de Montignac, dit « Legrain ». Louis de Funès
100%
Année de sortie du film. 1968
95%
Sports "nobles" que Mézeray et Montignac ont pratiqué ensemble pendant le film. La boxe française (savate)
91%
Nationalité des acheteurs de Mézeray, intéressés par ce tatouage. Américaine
82%
Célèbre peintre italien, auteur d'après le film du tatouage tant convoité sur le dos d'Enguerrand de Montignac, pendant la Première Guerre mondiale. Amedeo Modigliani
77%
Région naturelle de l'Aquitaine dans laquelle se trouve le Château de Paluel, propriété du comte de Montignac dans le film. Le Périgord noir
77%
Réalisateur du film. Denys de La Patellière
68%
Marque de familiarité que Mézeray interdira à son épouse au cours de l'histoire. Le tutoiement
68%
A cette réplique de Mézeray : "Mais c'est bien d'être comme vous. Moi, je suis tout le contraire. Il faut que je possède, il faut que j'amasse, il faut que je compte", Montignac répondit : "Eh ben, je vous ____" Plains
64%
Ces acheteurs travaillent pour le musée de cette grande ville du nord-est de leur pays. Boston
59%
Actrice au rire caractéristique incarnant le rôle de l'épouse de Mézeray. Dominique Davray
55%
Événements historiques, une bataille (de 1415) et un incident diplomatique (de 1898) qui prouvent selon le comte de Montignac que les Anglais sont l'ennemi héréditaire. La bataille d'Azincourt
50%
Sports "nobles" que Mézeray et Montignac ont pratiqué ensemble pendant le film. Le patinage
50%
Scénariste final du film. Pascal Jardin
50%
Auteur du livre "Gégène le tatoué" dont le film est l'adaptation cinématographique et par ailleurs, scénariste original du film. Alphonse Boudard
45%
"Sport" que pratiqua le comte de Montignac pendant vingt-cinq ans. La guerre
45%
Sports "nobles" que Mézeray et Montignac ont pratiqué ensemble pendant le film. Le judo
45%
Siège ou capitale de cette région. Sarlat-la-Canéda
41%
Événements historiques, une bataille (de 1415) et un incident diplomatique (de 1898) qui prouvent selon le comte de Montignac que les Anglais sont l'ennemi héréditaire. La crise de Fachoda
32%
Aucun quiz correspondant
Distribution des résultats
% des personnes avec chaque résultat
Percentile par nombre de réponses
Votre historique - résultats
Vous n’avez pas pris ce quiz